banner koha

Efeito hipoglicemiante da farinha do fruto de maracujá-do-mato (Passiflora nitida Kunth) em ratos normais e diabéticos (Registro n. 298830)

MARC details
000 -LÍDER
fixed length control field 04267nab a2200277 i 4500
003 - CÓDIGO MARC DA AGÊNCIA CATALOGADORA
Campo de controle BR-BrBNA
005 - DATA E HORA DA ÚLTIMA ATUALIZAÇÃO
Campo de controle 20240318142422.0
008 - CAMPO DE TAMANHO FIXO
fixed length control field 240318b2012 bl.qr|pooa||| 00| 0 por |
040 ## - FONTE DA CATALOGAÇÃO
Agência catalogadora BR-BrBNA
Idioma da catalogação por
072 ## - CATEGORIA AGRIS
Código AGRIS Q04
Código do objeto 1123
100 ## - ENTRADA PRINCIPAL - NOME PESSOAL
Nome pessoal Lima, E.S.
100 ## - ENTRADA PRINCIPAL - NOME PESSOAL
Nome pessoal Schwertz, M.C.
100 ## - ENTRADA PRINCIPAL - NOME PESSOAL
Nome pessoal Sobreira, C.R.C.
100 ## - ENTRADA PRINCIPAL - NOME PESSOAL
Nome pessoal Borras, M.R.L.
245 ## - TÍTULO PRINCIPAL
Título principal Efeito hipoglicemiante da farinha do fruto de maracujá-do-mato (Passiflora nitida Kunth) em ratos normais e diabéticos
500 ## - NOTA GERAL
Nota geral Publicação on-line; 22 ref.; 1 table; 2 illus.; Summaries (En, Pt)
942 ## - ADDED ENTRY ELEMENTS (KOHA)
Koha item type
520 ## - NOTA DE RESUMO
Nota de conteúdo <br/><br/>RESUMO: <br/><br/>A região amazônica é detentora de uma vasta biodiversidade de frutos, porém pouco<br/>explorada quanto o seu potencial nutricional e econômico. Dentre estes frutos destaca-se o<br/>maracujá-do-mato (Passiflora nitida Kunth), espécie silvestre, de fruto comestível, com sabor<br/>exótico e de boa aceitabilidade para consumo. No presente estudo objetivou-se analisar as<br/>características nutricionais do mesocarpo do fruto da P. nitida e avaliar o potencial hipoglicemiante<br/>em ratos normais e diabéticos. A farinha do mesocarpo do fruto foi elaborada e analisada quanto<br/>a composição centesimal. A atividade hipoglicemiante foi avaliada por meio de dois modelos<br/>experimentais em ratos Wistar. O mesocarpo apresentou baixa concentração de macronutrientes e<br/>alto teor de umidade, cinzas e fibras. No experimento agudo, após 15 minutos da administração da<br/>sacarose, os níveis glicêmicos foram de 146±12 mg dL-1 no grupo controle e 112±2,5 mg dL-1, no<br/>grupo que recebeu 1g kg-1 de peso da farinha. No experimento crônico, após 21 dias, houve<br/>redução de 493 mg dL-1 para 302 mg dL-1 (38,7 %) e 195 mg dL-1 (60,4%) na glicemia nos grupos<br/>que foram tratados com 20 e 40% de ração enriquecida com a farinha, respectivamente, em<br/>relação ao grupo diabético não tratado. Em ambos os modelos experimentais, a farinha do<br/>mesocarpo mostrou-se eficaz na redução da glicemia. O fruto de P. nitida mostrou-se um produto<br/>natural em potencial para o controle da glicemia no diabetes.<br/><br/>Palavras-chave: Maracujá-do-mato, Passiflora nitida, diabetes, atividade hipoglicemiante
520 ## - NOTA DE RESUMO
Nota de conteúdo <br/><br/>ABSTRACT: <br/><br/>Hypoglycemic effect of Passiflora nitida Kunth fruit flour on normal and<br/>diabetic rats. The Amazon region has a vast biodiversity of fruits but is little explored as to its<br/>nutritional and economic potential. Among these fruits is “maracuja-do-mato” (Passiflora nitida<br/>Kunth), a wild species of edible fruit with exotic flavor and good acceptability for consumption. The<br/>aim of the present study was to analyze the nutritional characteristics of P. nitida fruit mesocarp<br/>and to evaluate its hypoglycemic potential in normal and diabetic rats. Flour from the fruit mesocarp<br/>was prepared and analyzed as to its centesimal composition. Hypoglycemic activity was assessed<br/>by means of two experimental models in Wistar rats. The mesocarp showed low concentration of<br/>macronutrients and high humidity, ash and fiber content. In the acute experiment, after 15 minutes of<br/>sucrose administration, glucose levels were 146 ± 12 mg dL-1 in the control group and 112 ± 2.5 mg<br/>dL-1 in the group receiving 1 g kg-1 flour weight. In the chronic experiment, after 21 days, glucose<br/>levels reduced from 493 mg dL-1 to 302 mg dL-1 (38.7%) and 195 mg dL-1 (60.4%) in the groups<br/>treated with 20 and 40% animal food enriched with the flour, respectively, in relation to the diabetic<br/>untreated group. In both experimental models, the mesocarp flour was effective in reducing blood<br/>glucose. P. nitida fruit seems to be a potential natural product in the glycemic control of diabetes.<br/><br/>Key words: “maracujá-do-mato”, Passiflora nitida, diabetes, hypoglycemic effect
650 ## - ASSUNTO - THESAGRO
Cabeçalho tópico ou nome geográfico MARACUJÁ
650 ## - ASSUNTO - THESAGRO
Cabeçalho tópico ou nome geográfico DIABETE
650 ## - ASSUNTO - THESAGRO
Cabeçalho tópico ou nome geográfico EFICIÊNCIA NUTRICIONAL
773 0# - ENTRADA ANALÍTICA
Host Biblionumber 3543
Registro do item 313869
Imprenta Botucatu-SP Instituto de Biociências - Departamento de Química e Bioquímica 1998
Outro identificador 2024-0141
Título Revista Brasileira de Plantas Medicinais (Brazil)
ISSN 1516-0572
Colação v. 14(2) p. 383-388; (2012)
Número de controle de registro BR2024000348
856 ## - ACESSO E ENDEREÇO ELETRÔNICO
Identificador uniforme de recurso - URI https://www.scielo.br/j/rbpm/a/Mv8czSXmgtgLMY4qwkMPPQq/?format=pdf&lang=pt

Nenhum exemplar disponível.

BINAGRI

Telefone: (61)3218-2567/2388/3357/2097 - binagri@agro.gov.br

Ministério da Agricultura e Pecuária , Esplanada dos Ministérios, Bloco D, Anexo B, Brasília/DF, CEP: 70.043-900